000
00209 a2200097 4500
001
42687
100
_a
Tyson
245
_a
India arms for victory
260
_a
Allahabad
_b
Kitabistan
_c
090
_c
26581
_d
26581
942
_a
NUST-CAE
_c
M
_c
18426
999
_c
277760
_d
277760